000 00262nam a2200109Ia 4500
008 231106s2019 xx 000 0 und d
041 _aeng
100 _aWIL FREEBORN
245 _aANNA MASONS WATERCOLOUR WORLD
260 _bSEARCH PRESS
_c2019
300 _aP-144
999 _c920135
_d920135